000 01997cam a22004934i 4500
003 PE-LiUPU
005 20250731184553.0
008 150625s2005 pe a rb 000 0 spa d
020 _a9972752704
035 _a(Sirsi) i9789972752704
040 _aPE-LiUPU
_bspa
_cPE-LiUPU
_erda
049 _aPRUA
082 0 4 _a909
_bS18
_221
110 2 _aSalvat Editores
245 1 4 _aLos Orígenes /
_cSalvat Editores.
264 1 _aLima :
_bSalvat Editores,
_c2005.
300 _a424 páginas :
_bilustraciones ;
_c22 centímetros.
336 _atext
_2rdacontent
337 _aunmediated
_2rdamedia
338 _avolume
_2rdacarrier
490 0 _aHistoria Universal ;
_v20
504 _aIncluye referencias bibliográficas al final de cada artículo.
505 0 _aNuestro planeta antes de la aparicion de la vida -- Historia de la vida de la tierra -- Teorías y evolución de la vida -- Origen y evolución de la especie humana -- Los orígenes del arte -- Las primeras edades de la piedra en Europa -- La revolución neolítica -- Primeras edades del metal en Europa. edad del bronce -- La edad del hierro. hallstatt y la téne -- Los pueblos del norte de Europa -- Primeras civilizaciones mediterráneas.
526 _aP136
526 _aP135
526 _aP134
526 _aP133
526 _aP144
526 _aP143
526 _aP87
526 _aP35
526 _aP20
526 _aP14
526 _aP10
526 _aP06
650 1 4 _aEvolución.
_9946
650 2 4 _aHistoria universal.
_92243
942 _2ddc
_cBOOK
949 _a909 S18 20
_wDEWEY
_c1
_i55677
_lCCODEBUL1
_mBUL
_p6.00
_r0
_sY
_tBOOK
_u2015-6-25
_xBIBLIOTECA
_zUNKNOWN
_0COMPRA
_o.STAFF. Colección General
994 _aC0
_bPEPRU
596 _a1
999 _a909 S18 1
_wDEWEY
_c44535
_i55677
_d44535
_e2019-5-27
_f2021-11-9
_g4
_lCCODEBUL1
_mBUL
_n2
_p6.00
_r0
_sY
_tBOOK
_u2015-6-25
_xEDUCACION
_zUNKNOWN
_0COMPRA
_o.STAFF. Colección General
980 _81
_gALBERTO SANCHEZ Responsable de Automatización